| 000 | 00867nam a2200241 i 4500 | ||
|---|---|---|---|
| 001 | 182650 | ||
| 003 | ES-MaACL | ||
| 005 | 20250816063151.0 | ||
| 008 | 131008s2010 sp | |||||||| | spa d | ||
| 020 | _a978-84-7486-211-9 | ||
| 080 | _a821.134.2-31"19" | ||
| 100 | 1 |
_aGonzález Morales, Agustín E., _d1959- _9153591 |
|
| 245 | 1 | 0 |
_aY en España se puso el sol : _bCuba 1898 / _cAgustín González. |
| 250 | _a1ª ed. | ||
| 260 |
_aBarcelona : _bNoray, _c2010. |
||
| 300 |
_a527 p. ; _c22 cm. |
||
| 490 | 1 |
_aNarrativa marítima ; _v19 |
|
| 830 | 0 |
_aNarrativa marítima ; _v19 _9191392 |
|
| 852 |
_aES-MaACL _jN-5803 _9189567 _bR.149022 _cDEPO1 _dOlim: N-5803 _zDedicatoria autógrafa del autor _xDonación: Agustín González |
||
| 903 |
_aGonzález Morales, Agustín E., _d1959- _ednr _9153591 |
||
| 942 |
_2udc _cMONOGRAFIA |
||
| 999 |
_c182650 _d182650 |
||